El impuesto diferido en la actividad agropecuaria (Registro nro. 12215)

Detalles MARC
000 -LEADER
fixed length control field 00338 a2200109 4500
001 - CONTROL NUMBER
control field ART_40752
005 - DATE AND TIME OF LATEST TRANSACTION
control field 20260410161628.0
008 - FIXED-LENGTH DATA ELEMENTS--GENERAL INFORMATION
fixed length control field 260409a
100 1# - MAIN ENTRY--PERSONAL NAME
Personal name Torres, Carlos Federico
245 10 - TITLE STATEMENT
Title El impuesto diferido en la actividad agropecuaria
773 0# - HOST ITEM ENTRY
Title Enfoques
Related parts Cierre de balance - Nº 11 (nov. 2016)
Record control number REV416

No hay ítems disponibles.